Central Library OPAC University of Rajshahi

শিক্ষার স্বরূপ / (Record no. 40103)

MARC details
000 -LEADER
fixed length control field 00988nam a2200241 a 4500
001 - CONTROL NUMBER
control field 40103
003 - CONTROL NUMBER IDENTIFIER
rucl marc code BD-RjUL
005 - DATE AND TIME OF LATEST TRANSACTION
control field 20211209053134.0
008 - FIXED-LENGTH DATA ELEMENTS--GENERAL INFORMATION
fixed length control field 160423s1968 bg ||||| |||| 00| 0 ben d
020 ## - INTERNATIONAL STANDARD BOOK NUMBER
Terms of availability : Tk.6.00
035 ## - SYSTEM CONTROL NUMBER
System control number (BD-RjUL)40218
040 ## - CATALOGING SOURCE
Original cataloging agency BD-RjUL
Language of cataloging ben
Transcribing agency BD-RjUL
041 ## - LANGUAGE CODE
Language code of text/sound track or separate title ben
082 ## - DEWEY DECIMAL CLASSIFICATION NUMBER
Edition number 23
Classification number 370.1
Author mark and year WHS 1968
100 ## - MAIN ENTRY--PERSONAL NAME
Personal name হোয়াইটহেড্, আলফ্রেড নর্থ
9 (RLIN) 123483
245 10 - TITLE STATEMENT
Title শিক্ষার স্বরূপ /
Statement of responsibility, etc. আলফ্রেড নর্থ হোয়াইটহেড্, মীর আবু সালেক অনূদিত
260 ## - PUBLICATION, DISTRIBUTION, ETC. (IMPRINT)
Place of publication, distribution, etc. ঢাকা :
Name of publisher, distributor, etc. বাংলা একাডেমী,
Date of publication, distribution, etc. ১৯৬৮
300 ## - PHYSICAL DESCRIPTION
Pagination [পাচঁ] ২৬৪ পৃ ;
Size ২১ সেমি.
650 ## - SUBJECT ADDED ENTRY--TOPICAL TERM
Topical term or geographic name as entry element শিক্ষক এবং শিক্ষা
9 (RLIN) 123484
Topical term or geographic name as entry element Education and teachinng
9 (RLIN) 123485
700 ## - ADDED ENTRY--PERSONAL NAME
Personal name সালেক,মীর আবু, অনূদিত
942 ## - ADDED ENTRY ELEMENTS (KOHA)
Source of classification or shelving scheme Dewey Decimal Classification
Koha item type Books
Holdings
Lost status Source of classification or shelving scheme Damaged status Not for loan Collection code Permanent Location Current Location Shelving location Date acquired Source of acquisition Cost, normal purchase price Total Checkouts Full call number Date last seen Copy number Koha item type Total Renewals Date checked out
  Dewey Decimal Classification     Non-fiction Central Library, University of Rajshahi Central Library, University of Rajshahi   10/07/1990 Sowkat osman. Dhaka 6.00   B 370.1 WHS 1968 23/04/2016 C-2 Books    
  Dewey Decimal Classification     Non-fiction Central Library, University of Rajshahi Central Library, University of Rajshahi   10/07/1990 Sowkat osman. Dhaka 6.00 2 B 370.1 WHS 1968 10/03/2019 C-3 Books 1 27/11/2018
  Dewey Decimal Classification     Non-fiction Central Library, University of Rajshahi Central Library, University of Rajshahi   11/04/1969 Bangla Academy, Dhaka 6.00   B 370.1 WHS 1968 23/08/2016 C-4 Books    
  Dewey Decimal Classification     Non-fiction Central Library, University of Rajshahi Central Library, University of Rajshahi   11/04/1969 Bangla Academy, Dhaka 6.00   B 370.1 WHS 1968 23/08/2016 C-5 Books    
  Dewey Decimal Classification   Not For Loan Non-fiction Central Library, University of Rajshahi Central Library, University of Rajshahi Reading Room 11/04/1969 N/A 6.00   B 370.1 WHS 1968 01/03/2017 C-1 Books